<?xml version="1.0" encoding="UTF-8"?><?xml-stylesheet type="text/xsl" href="static/style.xsl"?><OAI-PMH xmlns="http://www.openarchives.org/OAI/2.0/" xmlns:xsi="http://www.w3.org/2001/XMLSchema-instance" xsi:schemaLocation="http://www.openarchives.org/OAI/2.0/ http://www.openarchives.org/OAI/2.0/OAI-PMH.xsd"><responseDate>2026-04-27T01:50:04Z</responseDate><request verb="GetRecord" identifier="oai:repisalud.isciii.es:20.500.12105/27444" metadataPrefix="marc">https://repisalud.isciii.es/rest/oai/request</request><GetRecord><record><header><identifier>oai:repisalud.isciii.es:20.500.12105/27444</identifier><datestamp>2026-04-25T00:17:11Z</datestamp><setSpec>com_20.500.12105_19604</setSpec><setSpec>com_20.500.12105_2051</setSpec><setSpec>col_20.500.12105_19605</setSpec></header><metadata><record xmlns="http://www.loc.gov/MARC21/slim" xmlns:dcterms="http://purl.org/dc/terms/" xmlns:doc="http://www.lyncode.com/xoai" xmlns:xsi="http://www.w3.org/2001/XMLSchema-instance" xsi:schemaLocation="http://www.loc.gov/MARC21/slim http://www.loc.gov/standards/marcxml/schema/MARC21slim.xsd">
   <leader>00925njm 22002777a 4500</leader>
   <datafield ind2=" " ind1=" " tag="042">
      <subfield code="a">dc</subfield>
   </datafield>
   <datafield ind2=" " ind1=" " tag="720">
      <subfield code="a">Muñiz-Anquela, Rocío</subfield>
      <subfield code="e">author</subfield>
   </datafield>
   <datafield ind2=" " ind1=" " tag="720">
      <subfield code="a">Redondo-Angulo, Ibon</subfield>
      <subfield code="e">author</subfield>
   </datafield>
   <datafield ind2=" " ind1=" " tag="720">
      <subfield code="a">Lewis, Esmeralda A</subfield>
      <subfield code="e">author</subfield>
   </datafield>
   <datafield ind2=" " ind1=" " tag="720">
      <subfield code="a">Lolo, Fidel-Nicolás</subfield>
      <subfield code="e">author</subfield>
   </datafield>
   <datafield ind2=" " ind1=" " tag="720">
      <subfield code="a">González-Cintado, Leticia</subfield>
      <subfield code="e">author</subfield>
   </datafield>
   <datafield ind2=" " ind1=" " tag="720">
      <subfield code="a">Toledano-Donado, Mónica</subfield>
      <subfield code="e">author</subfield>
   </datafield>
   <datafield ind2=" " ind1=" " tag="720">
      <subfield code="a">Pulgarín-Alfaro, Marta</subfield>
      <subfield code="e">author</subfield>
   </datafield>
   <datafield ind2=" " ind1=" " tag="720">
      <subfield code="a">Del Pozo, Miguel A</subfield>
      <subfield code="e">author</subfield>
   </datafield>
   <datafield ind2=" " ind1=" " tag="720">
      <subfield code="a">Bentzon, Jacob Fog</subfield>
      <subfield code="e">author</subfield>
   </datafield>
   <datafield ind2=" " ind1=" " tag="260">
      <subfield code="c">2026-02</subfield>
   </datafield>
   <datafield ind2=" " ind1=" " tag="520">
      <subfield code="a">Eradicating endothelial caveolae by deleting the  (caveolin-1) gene reduces LDL (low-density lipoprotein) uptake in arteries and efficiently prevents early atherogenesis, but the role in established atherosclerosis is unknown. Here, to examine CAV1 as a potential therapeutic target, we deleted endothelial  in mice after lesion development and analyzed the effect on LDL uptake and lesion progression. To allow timed endothelium-specific  deletion, we generated male and female mice with floxed  alleles and endothelium-specific inducible Cre recombinase. Atherosclerosis was induced by virus-mediated PCSK9 (proprotein convertase subtilisin/kexin type 9) gene transfer and a high-cholesterol diet. After 16 weeks of lesion development, endothelial  deletion was induced by a series of tamoxifen injections, repeated after 4 weeks, and the mice were followed for another 4 weeks. Mice were injected with fluorescently labeled LDL at 1 and 18 hours before euthanasia to study uptake and retention in lesions. Sections of the aortic root were analyzed for lesion size, composition, and LDL accumulation. Efficient conditional knockout of endothelial  was confirmed by CAV1 immunostaining and by the loss of caveolae by electron microscopy. Loss of endothelial  for 8 weeks reduced LDL entry into lesions but did not significantly decrease LDL retention, lesion lipid accumulation, fibrous tissue, or lesion size. In males, a reduction in macrophages was seen. Targeting CAV1 does not efficiently block LDL entry or reduce lesion progression in established atherosclerosis. These findings open several questions for further research, including alternative LDL entry mechanisms that could circumvent caveolar transport in established atherosclerosis.</subfield>
   </datafield>
   <datafield ind1="8" ind2=" " tag="024">
      <subfield code="a">Arterioscler Thromb Vasc Biol. 2026 Feb;46(2):e323323.</subfield>
   </datafield>
   <datafield ind1="8" ind2=" " tag="024">
      <subfield code="a">https://hdl.handle.net/20.500.12105/27444</subfield>
   </datafield>
   <datafield ind1="8" ind2=" " tag="024">
      <subfield code="a">41431924</subfield>
   </datafield>
   <datafield ind1="8" ind2=" " tag="024">
      <subfield code="a">Arteriosclerosis, Thrombosis, and Vascular Biology</subfield>
   </datafield>
   <datafield tag="653" ind2=" " ind1=" ">
      <subfield code="a">atherosclerosis</subfield>
   </datafield>
   <datafield tag="653" ind2=" " ind1=" ">
      <subfield code="a">caveolin 1</subfield>
   </datafield>
   <datafield tag="653" ind2=" " ind1=" ">
      <subfield code="a">cholesterol</subfield>
   </datafield>
   <datafield tag="653" ind2=" " ind1=" ">
      <subfield code="a">endothelium</subfield>
   </datafield>
   <datafield tag="653" ind2=" " ind1=" ">
      <subfield code="a">lipoproteins, LDL</subfield>
   </datafield>
   <datafield ind2="0" ind1="0" tag="245">
      <subfield code="a">Progression of Established Atherosclerotic Lesions Is Not Inhibited by Endothelial Knockout of Caveolin-1-Brief Report.</subfield>
   </datafield>
</record></metadata></record></GetRecord></OAI-PMH>